01315nam a2200325Ia 4500001001200000003000800012006001900020007001500039008004100054010001700095020001500112020001500127020001800142020001800160040002100178035002100199050002500220100004700245245015100292250001700443260005300460300002500513504005100538533015200589650004900741650002700790655002900817710001700846856012600863ebr10180626CaPaEBRm u cr cn|||||||||070427s2007 enka sbf 001 0 eng d z 2007017489 z0749449845 z0749452153 z9780749449841 z9780749452155 aCaPaEBRcCaPaEBR a(OCoLC)19180202314aHD69.P75bY68 2007eb1 aYoung, Trevor L.q(Trevor Leonard),d1940-14aThe handbook of project managementh[electronic resource] :ba practical guide to effective policies, techniques and processes /cTrevor L. Young. aRev. 2nd ed. aLondon ;aPhiladelphia :bKogan Page Ltd,c2007. aviii, 295 p. :bill. aIncludes bibliographical references and index. aElectronic reproduction.bPalo Alto, Calif. :cebrary,d2009.nAvailable via World Wide Web.nAccess may be limited to ebrary affiliated libraries. 0aProject managementvHandbooks, manuals, etc. 0aIndustrial management. 7aElectronic books.2local2 aebrary, Inc.40uhttp://site.ebrary.com/lib/rucke/Doc?id=10180626zAn electronic book accessible through the World Wide Web; click to view